000 00350nam a22001337a 4500
999 _c520847
_d520847
008 221025b ||||| |||| 00| 0 eng d
100 _aKashyap, Samudra Gupta
_935478
245 _aFreedom songs from the Northeast
260 _aYojana
300 _a66(8), Aug, 2022: p.31-34
773 _aYojana
906 _aINDIA - HISTORY
942 _cAR